Vrai ou Faux : Les Rois et Reines de France - Statistiques

Statistiques générales
  • Ce quiz a été pris 258 fois
  • Le résultat moyen est 6 sur 10
Statistiques - réponses
Question Réponse % Correct
Aliénor d'Aquitaine fut Reine de France avant d'être Reine d'Angleterre. Vrai
90%
Louis X fut surnommé le Hutin. Vrai
79%
Avant Marie Leczynska,Louis XV était fiancé à Marie-Anne Victoire d'Espagne. Vrai
72%
Charles IV le Bel était le dernier fils de Philippe le Bel. Vrai
68%
Charles Martel était le grand père de Louis Ier le Pieux. Faux
66%
Louis XIV est né à Paris. Faux
60%
Charles VII était le petit-fils de Philippe VI de Valois Faux
57%
Madame de Montespan était une maîtresse du Roi Louis XV. Faux
57%
Louis XI eût 2 maîtresses officielles. Vrai
46%
Catherine de Médicis meurt en 1588 Faux
38%
Aucun quiz correspondant
Distribution des résultats
% des personnes avec chaque résultat
Percentile par nombre de réponses
Votre historique - résultats
Vous n’avez pas pris ce quiz